000 01321nam0a22002651 4500
001 rc\4706063
005 20260407090825.0
021 _aRU
_bРг1064-66
035 _a(NLR Aleph) 008435163
090 _a9442462
_c9442462
100 _a20130416d1965 |||y0rusy50 ca
101 0 _arus
102 _aRU
105 _ay d |||||
200 1 _aСтруктура и функции вегетативных ганглиев
_eРасширенные рефераты докладов на Всесоюз. симпозиуме. (Минск, 23-25 дек. 1965 г.)
_f[Отв. ред. акад. АН БССР, проф. И.А. Булыгин]
_gОбъед. науч. совет "Физиология человека и животных" АН СССР. Ин-т физиологии АН БССР
210 _aМинск
_cБ. и.
_d1965
215 _a93 с.
_d21
300 _aОтпеч. множит. аппаратом
702 1 _aБулыгин
_bИ.А.
_gИван Андреевич
_4340
712 0 2 _aАН СССР
_bОбъединенный научный совет по комплексной проблеме "Физиология человека и животных"
_3RU\NLR\AUTH\8815188
_9303608
801 0 _aRU
_bNLR
_gpsbo
801 1 _aRU
_bELAR
_2rusmarc
852 _aNLR
_j66-4/1170
942 _cBOOK
980 _aNB